10 biggest countries by area and population on a map 2024 - Statistics

General Stats
  • This quiz has been taken 150 times
    43 since last reset
  • The average score is 17 of 20
Answers on the Map
Answers color-coded by a green-red scale on the quiz's map according to % correct below.
 
Answer Stats
Answer % Correct
Brazil
100%
Brazil
100%
Australia
97%
Canada
97%
China
97%
China
97%
India
97%
India
97%
Russia
97%
Russia
97%
United States
97%
United States
97%
Indonesia
88%
Argentina
82%
Nigeria
76%
Algeria
73%
Kazakhstan
73%
Pakistan
70%
Bangladesh
55%
Ethiopia
33%
No matching quizzes found
Score Distribution
Percent of People with Each Score
Percentile by Number Answered
Your Score History
You have not taken this quiz since the last reset